| 000 | 00739nam a2200265 i 4500 | ||
|---|---|---|---|
| 001 | 106023 | ||
| 003 | ES-MaACL | ||
| 007 | t| | ||
| 008 | 060920s1977 sp ||||1| spa d | ||
| 020 | _a84-7367-045-0 | ||
| 080 | _a321.7(091) | ||
| 080 | _a323.272(091) | ||
| 100 | 1 |
_aNovack, George. _986049 |
|
| 245 | 1 | 0 |
_aDemocracia y revolución / _cGeorge Novack. |
| 250 | _a1ª ed. | ||
| 260 |
_aBarcelona : _bFontamara, _c1977. |
||
| 300 |
_a298 p. ; _c19 cm. |
||
| 490 | 1 | _aArgumentos | |
| 500 | _aBiblioteca Juan Andrade. | ||
| 650 | 1 | 4 |
_aDemocracia- _vHistoria. _911570 |
| 650 | 1 | 4 |
_aRevoluciones- _vHistoria _916901 |
| 830 | 0 |
_aArgumentos _9178418 |
|
| 852 |
_aES-MaACL _jAND-737 _bR.110033 |
||
| 999 |
_c106023 _d106023 |
||